|
|
|
|
| LEADER |
00000nam2a2200000 4500 |
| 001 |
285184 |
| 005 |
20231031233932.0 |
| 035 |
|
|
|a (RuTPU)RU\TPU\book\309394
|
| 035 |
|
|
|a RU\TPU\book\309376
|
| 090 |
|
|
|a 285184
|
| 100 |
|
|
|a 20150220d1971 k y0rusy50 ca
|
| 101 |
0 |
|
|a rus
|
| 102 |
|
|
|a RU
|
| 200 |
1 |
|
|a Результаты исследования неустойчивости и пучка электронов в процессе ускорения в сильноточных бетатронах
|f В. А. Москалев, В. Г. Шестаков
|
| 461 |
|
1 |
|0 (RuTPU)RU\TPU\book\254658
|t Ускорители заряженных частиц и радиоэлектроника ускорителей
|f Томский политехнический институт (ТПИ), Научно-исследовательский институт ядерной физики, электроники и автоматики (НИИ ЯФЭА) ; под ред. В. В. Ивашина
|v С. 7-10
|d 1971
|p 64 с.
|s Труды научно-исследовательского института ядерной физики электроники и автоматики при ТПИ ; Вып. 1
|
| 610 |
1 |
|
|a труды учёных ТПУ
|
| 700 |
|
1 |
|a Москалев
|b В. А.
|c специалист в области электротехники
|c профессор Томского политехнического университета, доктор технических наук
|f 1927-
|g Владилен Александрович
|2 stltpush
|3 (RuTPU)RU\TPU\pers\12401
|
| 701 |
|
1 |
|a Шестаков
|b В. Г.
|
| 801 |
|
1 |
|a RU
|b 63413507
|c 20100504
|
| 801 |
|
2 |
|a RU
|b 63413507
|c 20150220
|g RCR
|
| 942 |
|
|
|c BK
|